Riconosci il Pokémon - Quiz n°777 - Statistics

Statistiche generali
  • Questo quiz è stato fatto 4 volte
  • Il punteggio medio è 9 su 10
Statistiche sulle risposte
Indizio Riposta % Corretto
Altezza 0,9 m
100%
Tasso di cattura 120 (24.9%)
100%
Peso 14,7 kg
100%
Tipo Normale
100%
Abilità Prepotenza; Remasabbia; Nervisaldi
100%
Stadio evoluzione Prima evoluzione
100%
Generazione Quinta
100%
Sesso 50% ♂, 50% ♀
75%
Tasso di allevamento Medio-Lento
75%
Pokémon Herdier
50%
Nessun quiz corrispondente trovato
Distribuzione punteggi
Percentuale di utenti per punteggio
Percentile per numero di risposta
I tuoi punteggi nel tempo
Non hai fatto questo quiz